Forestry technology in Japan

Saved in:
Bibliographic Details
Format: Book
Language:Undetermined
Published: Japan Forestry Agency
Subjects:
Tags: Add Tag
No Tags, Be the first to tag this record!
Institutions: Trung tâm Học liệu Trường Đại học Cần Thơ
LEADER 00392nam a2200145Ia 4500
001 CTU_13279
008 210402s9999 xx 000 0 und d
082 |a 634.9 
082 |b F716 
245 0 |a Forestry technology in Japan 
260 |a Japan 
260 |b Forestry Agency 
650 |a forests and forestry 
904 |i Minh, 961126 
980 |a Trung tâm Học liệu Trường Đại học Cần Thơ